Choose the right Brainrot in Steal A Brainrot in 06:07 - Statistics

General Stats
  • This quiz has been taken 71 times
    46 since last reset
  • The average score is 8 of 67
Answers on the Grid
Answers color-coded by a green-red scale on the quiz's grid according to % correct below.
Pipi Apple
Tic Toc Sahur
Frigo Camelo
Cacto Hipopotamo
Lirilì Larilà
Sigma Gay
Sealo Regalo
Lapoopoo
Brr Brr Batapim
No-skill-ini Pizzanini
Poo Poo Sahur
Frio Ninja
Shelly
Tic Tac Sahur
Bbr Bbr Batapim
Noobini Pizzanini
Trippi Troppi
Lirili Larila
Pipi Kiwi
Pipi Avocado
Lerulerulerupoo
Chef Crabracadabra
Galtatino Nyanino
Chef Abracadabra
Sammyini Spyderini
68
Tim Cheese
67676767676767
Cappuccino Assassino
Meowl
Capuccino Asassino
Sigma Sus
Tac Tic Sahur
Rhino Tosterino
Tim Cheddar
Sigma Boy
Talpa Di Fero
Tralala Tralalero
Gangster Footera
67
Kraker Sahur
Sledge Bro
La Coachroaka
La Cucaracha
Pipi Dragon Fruit
Bananita Dolphinito
Penguino Cocosino
Cappuccino Murderer
Tralalero Tralala
Corn Corn Sahur
Poo Poo Avocado
Pipi Corni
La Grande
Lionel Cactuseli
Pandaccini Bananini
Chef Master at Pooping
Jingle Jingle Sahur
Chimpanzini Bananini
Tung Tung Tung Sahur
Perochello Lemonchello
Brainrot
Pipi Watermelon
Ta Ta Ta Ta Sahur
Tim Gouda
Strawberry Elephant
Skibiti Toilet
Karker Sahur
Rhino Toasterino
Brawl Brawl Sahur
Lerulerulerule
Ice Bro
Ballerino Lololo
J*b J*b J*b Sahur
Los 67
Fluriflura
Skibidi Toilet
Grandpa Sahur
Fang
Noobini Burgerini
Steve
Frogo Elfo
Ketupat Kepat
Thanos
Ti Ti Ti Ti Sahur
Tim Edam
Giftini Spyderini
Dancing Rat
Ballerina Cappuccina
Passo Bem Salto
Ho Ho Ho Sahur
Godzilla
Cerberus
Coco Elefanto
Passo Bem Solto
Statutino Libertino
Trippi Troppi Trippa Troppa
Cocosini Mama
Tobi Tobi Tobi
Chocco Bunny
Noobini Santanini
Racoonini Jandelini
Job Job Job Sahur
Chill Guy
Montagem Xonada
Trippi Troppi Troppa Trippa
Tob Tobi Tobi
607
Los Santos
Bambini Crostini
Alexini Pizzanini
Los Tung Sahur
69
Yeti Claus
Choco Bunny
Tree Tree Sahur
Ketupat Kebab
Cavallo Virtuoso
Jandelini Spyderini
Avocadorilla
Salamino Penguino
 
Answer Stats
Answer % Correct
Frigo Camelo
77%
Brr Brr Batapim
69%
Lirilì Larilà
62%
Cacto Hipopotamo
54%
Noobini Pizzanini
54%
Sealo Regalo
54%
Trippi Troppi
54%
Frio Ninja
46%
Tic Tac Sahur
46%
Chef Crabracadabra
23%
Pipi Avocado
23%
Pipi Kiwi
23%
Tim Cheese
23%
67
15%
Sammyini Spyderini
15%
Talpa Di Fero
15%
Ballerino Lololo
8%
Bananita Dolphinito
8%
Cappuccino Assassino
8%
Chimpanzini Bananini
8%
Fang
8%
Fluriflura
8%
Frogo Elfo
8%
Jingle Jingle Sahur
8%
Karker Sahur
8%
Lerulerulerule
8%
Lionel Cactuseli
8%
Meowl
8%
Pandaccini Bananini
8%
Perochello Lemonchello
8%
Pipi Corni
8%
Sigma Boy
8%
Skibidi Toilet
8%
Ta Ta Ta Ta Sahur
8%
Tralalero Tralala
8%
Avocadorilla
0%
Ballerina Cappuccina
0%
Bambini Crostini
0%
Cavallo Virtuoso
0%
Cerberus
0%
Chocco Bunny
0%
Coco Elefanto
0%
Cocosini Mama
0%
Corn Corn Sahur
0%
Galtatino Nyanino
0%
Gangster Footera
0%
Giftini Spyderini
0%
Ho Ho Ho Sahur
0%
Job Job Job Sahur
0%
Ketupat Kepat
0%
La Cucaracha
0%
La Grande
0%
Los 67
0%
Noobini Santanini
0%
Penguino Cocosino
0%
Pipi Watermelon
0%
Racoonini Jandelini
0%
Rhino Toasterino
0%
Salamino Penguino
0%
Statutino Libertino
0%
Strawberry Elephant
0%
Ti Ti Ti Ti Sahur
0%
Tob Tobi Tobi
0%
Tree Tree Sahur
0%
Trippi Troppi Troppa Trippa
0%
Tung Tung Tung Sahur
0%
Yeti Claus
0%
No matching quizzes found
Score Distribution
Percent of People with Each Score
Percentile by Number Answered
Your Score History
You have not taken this quiz since the last reset